000 00481nam a22001937a 4500
003 OSt
005 20250303145435.0
008 241028b |||||||| |||| 00| 0 eng d
020 _a9781844804610
100 _aAbbott, Keith
245 _aBusiness Law
250 _a8th Edition
260 _aUnited Kingdom
_bTJ International
_c2007
300 _axx, 698 pages
_c24.5cm
650 _2Business Law
700 _aPendlebury, Norman
700 _aWardman, Kevin
942 _2lcc
_cBK
_n0
999 _c331
_d331